Ferrari History in F1 - Statistics

General Stats
  • This quiz has been taken 45 times
  • The average score is 7 of 10
Answer Stats
Question Answer % Correct
Who is the most succesfull Driver with Ferrari Michael Schumacher
100%
When did Ferrari win their first WDC? 1952
95%
Name one of the drivers driving for Ferrari in 2025 Leclerc / Hamilton
95%
How many WDC's did Michael Schumacher win with Ferrari? 5
90%
How many WCC's did Ferrari win between 2000 and 2009 7
90%
Which Ferrari driver claims that he should have been champion in 2008 instead of Lewis Hamilton? Felipe Massa
86%
How many total championships does Ferrari have? (all WDC's and WCC's combined) 16
71%
What Grand Prix in 1951 did Ferrari get their first f1 win? British
45%
Who won the race mentioned above? Jose Froilan Gonzalez
38%
How many race wins does Ferrari have? (as of 1/9/2025) 248
29%
No matching quizzes found
Score Distribution
Percent of People with Each Score
Percentile by Number Answered
Your Score History
You have not taken this quiz